000 00972cam a22003137a 4500
003 CHAP
005 20220329134356.0
008 971013s1964 r 00010 d
010 _a19589
011 _a20561
035 _a24649
040 _cCHAP
082 _a311.058
_bA54
110 _aAmerican Statistical Association
_95309
245 0 _aDirectory of statisticians and others in allied professions
260 _aWashington,
_c1964
300 _apág. varía
590 _aBATCH-UPD
_b10
_c20130110
_lUCH01
_h1019
590 _aBATCH-UPD
_b10
_c20130410
_lUCH01
_h0625
590 _aBATCH-UPD
_b10
_c20130914
_lUCH01
_h1323
590 _aCONVERSION
_b10
_c20130109
_lUCH01
_h1312
650 1 4 _aEstadística
_xDirectorios.
_938247
650 1 4 _aMatemáticos.
_972913
710 0 _aBiometric Society.
_912830
710 0 _aInstitute of Mathematical Statistics.
_959040
901 _aBK
942 _cLIBRO
949 _a311.058 A54
_bBC
_cC
_d33724000481263
_eC
_i24649
_si
999 _c19589
_d19589